| 000 | 01098nam a2200289 a 4500 | ||
|---|---|---|---|
| 001 | BRCA_7934 | ||
| 005 | 20190320210046.0 | ||
| 008 | 070314s1972----mx-a###f##---#000-0#spa-# | ||
| 041 | _aspa | ||
| 044 | _amx | ||
| 050 | 4 |
_aNA9355 _b.M4 P36 _c1972 |
|
| 245 | 1 | 0 |
_aEl Palacio de Iturbide _cprólogo de Agustín Legorreta ; textos históricos y literarios de Guillermo Berlanga Fernández de Córdoba Moncada...[et al.] ; acuarelas de Eduardo Delmar. |
| 260 |
_aMéxico _bFomento Cultural Banamex _c1972 |
||
| 300 |
_a313 p. _bil. (algunas a color) _c27 cm. |
||
| 500 | _a3019 | ||
| 500 | _aEjemplar numerado 55 de 300 | ||
| 546 | _aTexto en: español, inglés y francés | ||
| 600 | 1 | 4 |
_aIturbide, Agustín de _d1783-1824 _zMéxico _919638 |
| 650 | 1 | 4 |
_aPalacios y castillos _vIturbide _zMéxico _919639 |
| 650 | 1 | 4 |
_aArquitectura _zMéxico _9596 |
| 700 | 1 |
_aLegorreta Chauvet, Agustín F. _epról. _919640 |
|
| 700 | 1 |
_aBerlanga Fernández de Córdoba Moncada, Guillermo _919641 |
|
| 700 | 1 |
_aGurría Lacroix, Jorge _919642 |
|
| 700 | 1 |
_aNovo, Salvador _910738 |
|
| 902 | _aGFM | ||
| 942 |
_2lcc _cB |
||
| 999 |
_c7604 _d7604 |
||